| 000 | 00657nam a22001817a 4500 | ||
|---|---|---|---|
| 005 | 20250616121534.0 | ||
| 008 | 250310b mx |||||||| |||| 00| 0 spa d | ||
| 050 | 0 | 4 |
_aKGF5467.A312016 _bM37 2023 |
| 245 | 1 | 0 |
_aLey nacional de ejecución penal _b : comentada y correlacionada _c / Luis Raymundo Massé Moreno coordinador |
| 250 | _a1a ed. | ||
| 260 |
_aMéxico : _bGallardo Ediciones, _c2023 |
||
| 300 |
_a235 p. ; _c28 cm. |
||
| 504 | _aBibliografía : p. 183-198 | ||
| 651 | 7 |
_2lemb _aMéxico _xEjecución penal _xLegislación |
|
| 651 | 7 |
_2lemb _aMéxico _xDerecho penintenciario |
|
| 700 | 1 |
_aMassé Moreno, Luis Raymundo, _ecoordinador |
|
| 942 |
_2lcc _cLIB |
||
| 999 |
_c55550 _d55550 |
||